Minulosť Vodného diela Žilina je pohnutá, prítomnosť drahá

História Vodného diela Žilina (VDŽ). Financovanie vodného diela. Záujem zahraničných investorov o výstavbu vodného diela. Investície slovenských akcionárov do výstavby diela. Prevádzku stavby začal Váhostav, a.s. Žilina v r. 1994. Na dostavbu VDŽ chýbajú finančné zdroje. Čakanie na strategického inv...

Ausführliche Beschreibung

Gespeichert in:
Bibliographische Detailangaben
1. Verfasser: Beer, Gabriel
Format: Buchkapitel
Sprache:Slowakisch
Schlagworte:
Tags: Tag hinzufügen
Keine Tags, Fügen Sie das erste Tag hinzu!

MARC

LEADER 00000naa a2200000 4500
001 r037833
005 20230921105339.5
041 0 |a slo 
044 |a SK 
245 1 0 |a Minulosť Vodného diela Žilina je pohnutá, prítomnosť drahá  |c Gabriel Beer 
520 |a História Vodného diela Žilina (VDŽ). Financovanie vodného diela. Záujem zahraničných investorov o výstavbu vodného diela. Investície slovenských akcionárov do výstavby diela. Prevádzku stavby začal Váhostav, a.s. Žilina v r. 1994. Na dostavbu VDŽ chýbajú finančné zdroje. Čakanie na strategického investora. 
610 2 0 |a diela vodné 
610 2 0 |a financovanie 
610 2 0 |a investície zahraničné 
610 2 0 |a akcionári 
610 2 0 |a Slovensko 
610 2 0 |a Vodné dielo Žilina, a.s. Trenčín 
100 1 |a Beer, Gabriel